|
003 -Nazwa inst., której nr kontr. jest w polu 001 [,]
|
-
- @
- Nazwa instytucji, której n kontrolny jest w polu 001
- NUKAT
|
|
005 -DATA I CZAS OSTATNIEJ MODYFIKACJI [,]
|
-
- @
- pole kontrolne
- 20260429181324.0
|
|
020 -Międzynarod. znormalizowany nr książki - ISBN [ , ]
|
-
- a
- Numer ISBN
- 9788361805816
|
|
040 -Instytucja sporządzająca opis [ , ]
|
-
- a
- Instytucja, która sporządziła opis (NP)
- SZCZ M/MK
-
- b
- Język katalogowania
- pol
-
- e
- Zasady katalogowania
- rda
-
- c
- Instytucja, która sporządziła rekord (NP)
- SZCZ M/MK
-
- d
- Instytucja, która zmodyfikowała rekord (P)
- SZCZ M/MK
|
|
041 -Język dokumentu [1, ]
|
-
- a
- Język tekstu (P)
- polski
-
- a
- Język tekstu (P)
- angielski
-
- a
- Język tekstu (P)
- niemiecki
-
- h
- Język tekstu oryginalnego i/lub pośredniego (P)
- polski
|
|
942 -Rodzaj dokumentu [ , ]
|
-
- c
- Rodzaj dokumentu
- Książka
|
|
648 -Hasło przedmiotowe - chronologia [ ,7]
|
-
- a
- Deskryptor chronologiczny
- 1201-1300
-
-
|
|
648 -Hasło przedmiotowe - chronologia [ ,7]
|
-
- a
- Deskryptor chronologiczny
- 1301-1400
-
-
|
|
648 -Hasło przedmiotowe - chronologia [ ,7]
|
-
- a
- Deskryptor chronologiczny
- 1401-1500
-
-
|
|
648 -Hasło przedmiotowe - chronologia [ ,7]
|
-
- a
- Deskryptor chronologiczny
- 1501-1600
-
-
|
|
648 -Hasło przedmiotowe - chronologia [ ,7]
|
-
- a
- Deskryptor chronologiczny
- 2001-
-
-
|
|
650 -Hasło przedmiotowe [ ,7]
|
-
- a
- Hasło przedmiotowe
- Architektura
-
-
|
|
650 -Hasło przedmiotowe [ ,7]
|
-
- a
- Hasło przedmiotowe
- Architektura polska
-
-
|
|
650 -Hasło przedmiotowe [ ,7]
|
-
- a
- Hasło przedmiotowe
- Fotografia polska
-
-
|
|
650 -Hasło przedmiotowe [ ,7]
|
-
- a
- Hasło przedmiotowe
- Gotyk
-
-
|
|
651 -Hasło przedmiotowe w formie nazwy geograficznej [ ,7]
|
-
- a
- Nazwa geograficzna
- Polska
-
-
|
|
658 -Ujęcie treści [ , ]
|
-
- a
- dziedzina nauki i sztuki/ sfera aktywności życiowej
- Architektura i budownictwo
|
|
658 -Ujęcie treści [ , ]
|
-
- a
- dziedzina nauki i sztuki/ sfera aktywności życiowej
- Historia
|
|
658 -Ujęcie treści [ , ]
|
-
- a
- dziedzina nauki i sztuki/ sfera aktywności życiowej
- Kultura i sztuka
|
|
700 -Hasło dodatkowe - nazwa osobowa [1, ]
|
-
- a
- Nazwa osobowa (NP)
- Czasnojć, Marek
-
- d
- Daty biograficzne (NP)
- (1942- ).
-
- e
- Określenie rodzaju współpracy
- Fotografie
-
|
|
700 -Hasło dodatkowe - nazwa osobowa [1, ]
|
-
- a
- Nazwa osobowa (NP)
- Surma, Tadeusz
-
- c
- Dopowiedzenie inne niż daty biograficzne (NP)
- (fotografik).
-
- e
- Określenie rodzaju współpracy
- Fotografie
-
|
|
700 -Hasło dodatkowe - nazwa osobowa [1, ]
|
-
- a
- Nazwa osobowa (NP)
- Tatoń, Jerzy.
-
- e
- Określenie rodzaju współpracy
- Fotografie
-
|
|
700 -Hasło dodatkowe - nazwa osobowa [1, ]
|
-
- a
- Nazwa osobowa (NP)
- Kociuba, Jarosław
-
- d
- Daty biograficzne (NP)
- (1981- ).
-
- e
- Określenie rodzaju współpracy
- Autor
-
- e
- Określenie rodzaju współpracy
- Tłumaczenie
-
|
|
700 -Hasło dodatkowe - nazwa osobowa [1, ]
|
-
- a
- Nazwa osobowa (NP)
- Skrzypek, Sandra.
-
- e
- Określenie rodzaju współpracy
- Tłumaczenie
-
|
|
700 -Hasło dodatkowe - nazwa osobowa [1, ]
|
-
- a
- Nazwa osobowa (NP)
- Tatoń, Ziemowit.
-
- e
- Określenie rodzaju współpracy
- Fotografie
-
|
|
710 -Hasło dodatkowe - nazwa ciała zbiorowego [2, ]
|
-
- a
- Nazwa ciała zbiorowego lub nazwa geograficzna jako pierwszy element (NP)
- Walkowska Wydawnictwo.
-
- e
- Rodzaj współpracy
- Wydawca
-
-
|
|
710 -Hasło dodatkowe - nazwa ciała zbiorowego [1, ]
|
-
- a
- Nazwa ciała zbiorowego lub nazwa geograficzna jako pierwszy element (NP)
- Stargard (Polska).
-
- b
- Nazwa jednostki podrzędnej (P)
- Urząd Miejski.
-
- e
- Rodzaj współpracy
- Instytucja sprawcza
-
|